Statistics for Sci-Fi and Fantasy Authors # 2

Click here to take the quiz!

General Stats

  • This quiz has been taken 25 times
  • The average score is 10 of 26

Answer Stats

BookAuthor% Correct
The HobbitJ. R. R. Tolkien
100%
Nineteen Eighty-FourGeorge Orwell
96%
Narnia seriesC. S. Lewis
84%
Alice's Adventures in WonderlandLewis Carroll
76%
Journey to the Center of the EarthJules Verne
68%
Discworld seriesTerry Pratchett
56%
2001: A Space OdysseyArthur C. Clarke
52%
The Invisible ManH. G. Wells
52%
The Man in the High CastlePhilip K. Dick
44%
The Golden CompassPhilip Pullman
44%
Percy Jackson seriesRick Riordan
36%
The Vampire ChroniclesAnne Rice
32%
ContactCarl Sagan
32%
NeverwhereNeil Gaiman
32%
The Little PrinceAntoine de Saint-Exupéry
28%
EragonChristopher Paolini
28%
Culture seriesIain M. Banks
24%
The Day of the TriffidsJohn Wyndham
24%
Belgariad seriesDavid Eddings
20%
Shadowhunter Chronicles seriesCassandra Clare
16%
The Dying EarthJack Vance
16%
Planet of the ApesPierre Boulle
16%
Nova ExpressWilliam S. Burroughs
16%
SlanA. E. van Vogt
12%
The King of Elfland’s DaughterLord Dunsany
4%
The Dark is Rising seriesSusan Cooper
4%

Score Distribution

Percentile by Number Answered

Percent of People with Each Score

Your Score History

You have not taken this quiz